000 00872nam a22002297a 4500
005 20260203115728.0
008 260203b |||||||| |||| 00| 0 eng d
020 _a978-1-78754-551-9
050 _aLB1028.5
_b.B47 2018
245 _aBest Practices in Teaching Digital Literacies
260 _aBingley, UK
_b Emerald Publishing Limited
_c© 2018
300 _axi, 259 p. :
_billustrations ;
_c 23 cm.
440 _aLiteracy Research, Practice and Evaluation Volume 9
500 _aIncludes bibliographical references and index.
650 _aEducational technology
650 _aComputer-assisted instruction
700 _aOrtlieb, Evan
_eEditor
700 _aCheek, Earl H. Jr.
_eEditor
700 _aSemingson, Peggy
_eEditor
856 _uhttps://www.emerald.com/books/edited-volume/15764/Best-Practices-in-Teaching-Digital-Literacies
942 _2lcc
_cEBKS
999 _c60113
_d60113